| 000 | 00969nam a22002177a 4500 | ||
|---|---|---|---|
| 008 | 240705e20240216xxk|||||o|||| 00| 0 eng d | ||
| 041 | _aeng | ||
| 110 | _aRoyal Institution of Chartered Surveyors | ||
| 245 |
_aRICS Practice Alert - DPB Licenced Firms _h[Email update] |
||
| 260 |
_aLondon, _bRoyal Institution of Chartered Surveyors, _c16 February 2024 |
||
| 300 | _aemail | ||
| 490 | _aRICS Practice Alert | ||
| 520 | _aThis Alert is to notify all RICS-regulated firms on the Designated Professional Body (DPB) Scheme of upcoming changes to the DPB Rules and Guidance documents. | ||
| 650 | _aDESIGNATED PROFESSIONAL BODY SCHEME | ||
| 650 | _aINSURANCE SERVICES | ||
| 651 | _aUnited Kingdom | ||
| 690 |
_aRICS _96277 |
||
| 710 | _aRoyal Institution of Chartered Surveyors | ||
| 856 |
_uhttps://www.rics.org/content/dam/ricsglobal/documents/regulation/rics-practice-alert-dpb-licenced-firms-february-2024.pdf _zView the online Practice Update |
||
| 942 | _n0 | ||
| 999 |
_c121965 _d121965 |
||